Ochrana ľudských práv so zreteľom na osoby so zdravotným postihnutím
Pojem zdravotné postihnutie. Legislatívny rámec ochrany ľudských práv osôb so zdravotným postihnutím. Medzinárodná ochrana ľudských práv osôb so zdravotným postihnutím. Európska stratégia v oblasti zdravotného postihnutia na obdobie rokov 2010–2020. Ochrana ľudských práv osôb so zdravotným postihnut...
Guardado en:
| Autor principal: | |
|---|---|
| Otros Autores: | |
| Formato: | Capítulo de libro |
| Lenguaje: | eslovaco |
| Materias: | |
| Etiquetas: |
Sin Etiquetas, Sea el primero en etiquetar este registro!
|
MARC
| LEADER | 00000nla a2200000 4500 | ||
|---|---|---|---|
| 001 | 0162188 | ||
| 005 | 20220729104321.0 | ||
| 041 | 0 | |a slo | |
| 044 | |a CZ | ||
| 245 | 1 | 0 | |a Ochrana ľudských práv so zreteľom na osoby so zdravotným postihnutím |c Jana Gabrielová, Petra Gajdošová |
| 520 | |a Pojem zdravotné postihnutie. Legislatívny rámec ochrany ľudských práv osôb so zdravotným postihnutím. Medzinárodná ochrana ľudských práv osôb so zdravotným postihnutím. Európska stratégia v oblasti zdravotného postihnutia na obdobie rokov 2010–2020. Ochrana ľudských práv osôb so zdravotným postihnutím v Slovenskej republike. | ||
| 610 | 2 | 0 | |a osoby zdravotne postihnuté |
| 610 | 2 | 0 | |a legislatíva |
| 610 | 2 | 0 | |a ochrana právna |
| 610 | 2 | 0 | |a ochrana ľudských práv |
| 610 | 2 | 0 | |a zamestnanosť |
| 610 | 2 | 0 | |a vzdelávanie |
| 610 | 2 | 0 | |a diskriminácia pracovná |
| 610 | 2 | 0 | |a Slovensko |
| 610 | 2 | 0 | |a Európska únia |
| 100 | 1 | |a Gabrielová, Jana | |
| 700 | 1 | |a Gajdošová, Petra | |